Algeria petrochemicals report Q3 2015 : includes 5-year forecast to 2019.
| Format: | Book |
|---|---|
| Published: |
London:
Business Monitor International,
2015.
|
| Series: | Part of BMI`s industry report and forecast series
|
| Subjects: |
| LEADER | 00511cam a2200145 7i4500 | ||
|---|---|---|---|
| 001 | 0000032700 | ||
| 005 | 20150828090000.0 | ||
| 022 | 0 | 0 | |a 17492114 |
| 090 | 0 | 0 | |a ALGR 661.804 |b ALG |
| 245 | 0 | 0 | |a Algeria petrochemicals report Q3 2015 : |b includes 5-year forecast to 2019. |
| 260 | 0 | 0 | |a London: |b Business Monitor International, |c 2015. |
| 300 | # | # | |a 72 pages. |
| 440 | 0 | 0 | |a Part of BMI`s industry report and forecast series |
| 650 | 0 | 0 | |a Petroleum chemicals -- |z Algeria |
| 999 | |a B000036559 |b Book |c Countries |e Business Information Centre | ||